Countries with Unusual Borders - Statistics

General Stats
  • This quiz has been taken 38 times
  • The average score is 11 of 16
Answer Stats
Picture Hint Answer % Correct
Kaliningrad Lithuania / Poland / Russia
100%
Ceuta Morocco / Spain
95%
______ River Gambia / Senegal
89%
Point Roberts Canada / United States
78%
Cabinda Angola / D.R. Congo / Republic of the Congo
76%
Musandam Peninsula Oman / United Arab Emirates
76%
Baarle-Hertog/Nassau Belgium / Netherlands
73%
Temburong Brunei / Malaysia
70%
Wakhan Corridor Afghanistan / China / Pakistan / Tajikistan
65%
Altai Mountains China / Kazakhstan / Mongolia / Russia
65%
Kazungula Botswana / Namibia / Zambia / Zimbabwe
62%
Jungholz Austria / Germany
54%
Oecusse East Timor / Indonesia
54%
Gran Chaco Argentina / Bolivia / Paraguay
51%
Llívia France / Spain
41%
Fly River Indonesia / Papua New Guinea
32%
No matching quizzes found
Score Distribution
Percent of People with Each Score
Percentile by Number Answered
Your Score History
You have not taken this quiz